Intelligent Forensics (Record no. 367406)

MARC details
000 -LEADER
fixed length control field 00429 a2200169 4500
003 - CONTROL NUMBER IDENTIFIER
control field OSt
005 - DATE AND TIME OF LATEST TRANSACTION
control field 20250903150313.0
008 - FIXED-LENGTH DATA ELEMENTS--GENERAL INFORMATION
fixed length control field 250903b |||||||| |||| 00| 0 eng d
020 ## - INTERNATIONAL STANDARD BOOK NUMBER
International Standard Book Number 9788197306464
041 ## - LANGUAGE CODE
Language code of text/sound track or separate title English
100 ## - MAIN ENTRY--PERSONAL NAME
Author Jain N.
245 ## - TITLE STATEMENT
Title Intelligent Forensics
Remainder of title : Innovations And Applications
260 ## - PUBLICATION, DISTRIBUTION, ETC.
Name of publisher, distributor, etc. Millennium Enterprises
Date of publication, distribution, etc. 2025
300 ## - PHYSICAL DESCRIPTION
Extent 323
700 ## - ADDED ENTRY--PERSONAL NAME
Personal name Kumar M.
942 ## - ADDED ENTRY ELEMENTS (KOHA)
Koha item type Books
Holdings
Withdrawn status Lost status Source of classification or shelving scheme Damaged status Not for loan Home library Current library Date acquired Vendor Net Price Total Checkouts Full call number Barcode Date last seen Date last checked out Actual Price Bill Date Koha item type
    Dewey Decimal Classification     Cummins College of Engineering for Women Pune Cummins College of Engineering for Women Pune 26/08/2025 115 796.00 2 005.8 JAI CCEP-BK-69262 13/10/2025 27/09/2025 995.00 26/08/2025 Books
    Dewey Decimal Classification     Cummins College of Engineering for Women Pune Cummins College of Engineering for Women Pune 08/12/2025 115 796.00   363.25028563 JAI CCEP-BK-69971 08/12/2025   995.00 08/12/2025 Books
    Dewey Decimal Classification     Cummins College of Engineering for Women Pune Cummins College of Engineering for Women Pune 10/12/2025 147 746.25   005.8 JAI CCEP-BK-69993 10/12/2025   995.00 10/12/2025 Books